NBA Basketball Chain - Statistics

General Stats
  • This quiz has been taken 519 times
  • The average score is 12 of 24
Answer Stats
Hint Answer % Correct
Team in Houston Rockets
99%
Comissioner: Adam _____ Silver
96%
Moved from New Jersey to Brooklyn Nets
74%
Shortest league MVP Allen
68%
Space Jam 2 Star LeBron
68%
Country that Hakeem Olajuwon is from Nigeria
67%
Number of rings that Robert Horry has Seven
66%
Kobe's original # Eight
54%
Pick & ____ Roll
53%
Vince Carter's most iconic plays Dunk
51%
How the game starts Tip-Off
51%
"Tiny" Archibald's real name Nate
50%
Awkward laugh Kawhi
42%
Shortest dunk contest winner Spud Webb
41%
2015 Finals MVP Iguodala
39%
Chris Paul to Blake Griffin Lob
39%
___ Jordan Air
36%
Easy Money Sniper Durant
33%
First three point shootout winner Bird
32%
James Harden's favorite shot Free throw
32%
Player who choked his coach Sprewell
29%
Team that passed on the above player in the draft Trail Blazers
16%
2022 First Time All-Star Wiggins
13%
Shaq's victims Backboard
7%
No matching quizzes found
Score Distribution
Percent of People with Each Score
Percentile by Number Answered
Your Score History
You have not taken this quiz